[Event "Orsha op-A 22nd"]
[Site "Orsha"]
[Date "2024.01.22"]
[Round "1"]
[White "Potapova, Margarita"]
[Black "Puchkouski, Arsenii"]
[Result "1/2-1/2"]
[WhiteElo "2155"]
[BlackElo "1434"]
[PlyCount "84"]
[EventDate "2024.01.22"]
[EventType "swiss"]
[EventRounds "9"]
[EventCountry "BLR"]
[SourceTitle "CB05_2024"]
[SourceDate "2024.01.31"]
[SourceVersion "1"]
[SourceVersionDate "2024.01.31"]
[SourceQuality "1"]

1. d4 Nf6 2. c4 e6 3. Nf3 b6 4. a3 a5 5. Nc3 Bb7 6. d5 Be7 7. e4 exd5 8. cxd5 d6 9. Bb5+ Nfd7 10. Nd4 Bf6 11. 0-0 0-0 12. Be3 g6 13. Rc1 Bg7 14. Nce2 Nc5 15. Qc2 a4 16. Nc3 Ba6 17. Bxa6 Rxa6 18. Rfe1 Nbd7 19. Nc6 Qh4 20. Nb5 Ne5 21. Nxc7 Raa8 22. Nxa8 Rxa8 23. Bxc5 bxc5 24. Nxe5 Bxe5 25. g3 Qf6 26. Rb1 Bd4 27. Kg2 Rb8 28. f4 Rb3 29. Re2 g5 30. f5 Qh6 31. Rd2 Re3 32. Rf1 g4 33. Rxd4 cxd4 34. f6 Qh3+ 35. Kg1 h6 36. Qc8+ Kh7 37. Qf5+ Kh8 38. Qc8+ Kh7 39. Qf5+ Kh8 40. Rc1 Rxg3+ 41. hxg3 Qxg3+ 42. Kf1 Qd3+ 1/2-1/2

[Event "BLR-ch sf"]
[Site "Minsk"]
[Date "2023.12.11"]
[Round "5"]
[White "Puchkouski, Arsenii"]
[Black "Bahdanovich, Mikhail"]
[Result "1/2-1/2"]
[WhiteElo "1341"]
[BlackElo "1585"]
[PlyCount "97"]
[EventDate "2023.12.07"]
[EventType "swiss"]
[EventRounds "9"]
[EventCountry "BLR"]
[SourceTitle "CB51_2023"]
[SourceDate "2023.12.20"]
[SourceVersion "1"]
[SourceVersionDate "2023.12.20"]
[SourceQuality "1"]

1. e4 c6 2. d4 d5 3. exd5 cxd5 4. Bd3 Nc6 5. c3 Nf6 6. Bf4 Bg4 7. Qb3 Qd7 8. Nd2 e6 9. Ngf3 Bxf3 10. Nxf3 Bd6 11. Ne5 Qc7 12. 0-0 0-0 13. Bg5 Bxe5 14. dxe5 Nxe5 15. Bc2 Nfg4 16. Bf4 Qc4 17. Qxc4 Nxc4 18. b3 Nb6 19. h3 Nf6 20. f3 Rac8 21. Rac1 Nfd7 22. Rfe1 Rfe8 23. a4 e5 24. Bg3 g6 25. Bd3 a5 26. Bb5 Re6 27. b4 Ra8 28. Rcd1 Rd6 29. Bxe5 Nxe5 30. Rxe5 Nxa4 31. Bxa4 axb4 32. Bb3 bxc3 33. Rexd5 Rxd5 34. Bxd5 c2 35. Rf1 Rc8 36. Rc1 Rd8 37. Bxf7+ Kxf7 38. Rxc2 Rd7 39. Kf2 b5 40. Rc6 Rd2+ 41. Kg3 h5 42. Rb6 Rb2 43. h4 b4 44. Kf4 b3 45. g3 Rb1 46. Kg5 b2 47. g4 hxg4 48. fxg4 Ke7 49. Kxg6 1/2-1/2